000 00645nam a22002297a 4500
999 _c174329
_d174329
005 20200626104936.0
010 _a385259
020 _c2.50
035 _a385259
037 _bCen Lib/Ret
082 _a844
100 _aشمیم احمد
245 _aمحروم دھلی کی ایک جھلک /
_cشمیم احمد
246 _aMahroom Delhi ki Ek Jhalak /
_bby Shamim Ahmed
260 _aDelhi
_bIdara Adbyat
300 _a183p.
_c19cm(Hb)
650 _aادب -- اردو
_v
650 _aاردو افسانے
650 _aLiterature -- Urdu
650 _aUrdu stories
942 _2ddc
_cUR
_h844
_mش م ی